000 00437nam a22001577a 4500
003 OSt
008 260424b |||||||| |||| 00| 0 eng d
082 _a635.648
_bK98S
100 _aKumari, Mamta
245 _aStudies on Genetic Divergence in Okra (Abelmoschus esculentus (L) Moench.)
260 _aPusa, Samastipur
_bRAU & BAU
_c2005
300 _a70P.
502 _bMsc.
_d2005
650 _aVegetable & Floriculture
942 _2ddc
_cT
999 _c50166
_d50166